000 00602nam a2200217Ia 4500
003 OSt
005 20230405144056.0
008 210423s2017 xx 000 0 und d
020 _a978-81-7482-423-3
040 _cAL
041 _aeng
082 _a570.02
_223
_bPUSU
100 _aPUSHKAR (Kumar); SINGH (A P)
_983508
245 _aUpkars CSIR UGC NET JRF SET life sciences
260 _aAgra
_bUpkar prakashan
_c2017
300 _axvi,728
_bPB
365 _b680
_cINR
650 _aLife Sciences
_983509
906 _aCSIR ; JRF ; life ; NET ; sciences ; SET ; UGC ; Upkars
942 _2ddc
_cBK
999 _c169159
_d169159